Представление документа в формате RUSMARC

ПолеНазваниеЗначение
  Тип записи a
  Библиографический уровень a
001 Контрольный номер RU/CBS_UL/BASE/554652935
005 Дата корректировки 20240209175214.7
100 Данные общей обработки __
a Данные общей обработки 20170729d2017 ||| 0rusy0189 ca
101 Язык документа 0_
a Язык текста rus
102 Страна публикации __
a Страна публикации RU
105 Кодированные данные (монография) __
a Кодированные данные (монография) y###||||000|y
181 Поле кодированных данных: вид содержания _1
a Код вида содержания (ISBD) i#
b Код характеристики содержания (ISBD) #xxe##
d i
g x
h x
i e
2 Код системы (источник кода, отличный от ISBD) isbdcontent
182 Поле кодированных данных: тип средства _1
a Код типа средства (ISBD) n
2 Код системы (источник кода, отличный от ISBD) isbdmedia
200 Заглавие и сведения об ответственности 1_
a Заглавие Возвращение "семитонного"
b Общее обозначение материала Текст
e Сведения, относящиеся к заглавию [история создания многоцелевого вертолёта Ка-62]
f Первые сведения об ответственности М. Лавров
w Текст (визуальный) : непосредственный
203 Вид содержания и тип средства __
a Вид содержания Текст
b Характеристика содержания визуальный
c Тип средства непосредственный
300 Общие примечания __
a Общие примечания Ограничения по возрасту - 16+
461 Уровень набора _0
1 2000
a Авиация и космонавтика вчера, сегодня, завтра
463 Уровень физической единицы _0
1 001RU/CBS_Ul/BASE/544804482
1 2000
a № 3
v С. 29-41 : фото
1 210
d 2017
606 Тематические рубрики 0_
a Основная рубрика Ка-62, многоцелевые вертолёты
610 Ключевые слова 0_
a Ключевые слова вертолёты
a Ключевые слова многоцелевые вертолёты
a Ключевые слова вертолёты многоцелевые
a Ключевые слова Ка-62 (вертолёты)
a Ключевые слова Ка-60 (вертолёты)
a Ключевые слова ОКБ Камова
a Ключевые слова российские вертолёты
a Ключевые слова вертолёты российские
686 Индексы других классификаций __
a Классификационный индекс 68.52
2 Код системы ББК
700 Автор _1
a Фамилия Лавров
b Имя (инициалы) М.
801 Источник записи _0
a Страна RU
b Организация МБУК ЦБС г. Ульяновска
c Дата составления 20170729
g Правила каталогизации RCR
801 Источник записи _1
a Страна RU
b Организация МБУК ЦБС г. Ульяновска
c Дата составления 20170729
g Правила каталогизации RCR
901 Тип документа __
t Тип документа b
w Контрольный № источника RU/CBS_Ul/BASE/544804482
910 Корректоры записи __
a Корректор записи Библиотека 2
938 Служебная информация __
a Имя БД period